| 000 | 01231nam a2200313 a 4500 | ||
|---|---|---|---|
| 001 | ebr10006805 | ||
| 003 | CaPaEBR | ||
| 006 | m u | ||
| 007 | cr cn||||||||| | ||
| 008 | 980903s1999 nyuab s 000 0 eng | ||
| 010 | _z 98044110 | ||
| 020 | _z0521650127 | ||
| 040 |
_aCaPaEBR _cCaPaEBR |
||
| 035 | _a(OCoLC)70737151 | ||
| 050 | 1 | 4 |
_aHC435.1 _b.R69 1999eb |
| 082 | 0 | 4 |
_a338.0954 _221 |
| 100 | 1 | _aRoy, Tirthankar. | |
| 245 | 1 | 0 |
_aTraditional industry in the economy of colonial India _h[electronic resource] / _cTirthankar Roy. |
| 260 |
_aNew York : _bCambridge University Press, _c1999. |
||
| 300 |
_axi, 252 p. : _bill., maps. |
||
| 490 | 1 |
_aCambridge studies in Indian history and society ; _v5 |
|
| 533 |
_aElectronic reproduction. _bPalo Alto, Calif. : _cebrary, _d2013. _nAvailable via World Wide Web. _nAccess may be limited to ebrary affiliated libraries. |
||
| 650 | 0 |
_aIndustries _zIndia. |
|
| 650 | 0 |
_aIndustrial policy _zIndia. |
|
| 655 | 7 |
_aElectronic books. _2local |
|
| 710 | 2 | _aebrary, Inc. | |
| 830 | 0 |
_aCambridge studies in Indian history and society ; _v5. |
|
| 856 | 4 | 0 |
_uhttp://site.ebrary.com/lib/rucke/Doc?id=10006805 _zAn electronic book accessible through the World Wide Web; click to view |
| 999 |
_c335 _d335 |
||